[Event "41st Festival GM Playoff"]
[Site "Biel SUI"]
[Date "2008.07.31"]
[Round "1"]
[White "Alekseev, Evgeny"]
[Black "Dominguez Perez, L."]
[Result "1/2-1/2"]
[WhiteElo "2708"]
[BlackElo "2708"]
[PlyCount "74"]
[EventDate "2008.07.31"]

1. d4 d5 2. Nf3 Nf6 3. c4 dxc4 4. e3 e6 5. Bxc4 a6 6. O-O c5 7. dxc5 Bxc5 8.
Qxd8+ Kxd8 9. Ne5 Ke7 10. Be2 Bd7 11. Nc3 Rc8 12. Nxd7 Nbxd7 13. Bd2 Bd6 14.
Rfc1 Rc7 15. Nd1 Rac8 16. Rxc7 Rxc7 17. Rc1 Rxc1 18. Bxc1 Nd5 19. Kf1 f5 20. h3
g6 21. Bd2 Bb4 22. Bxb4+ Nxb4 23. Nc3 Kd6 24. a3 Nc6 25. Ke1 Nf6 26. Kd2 Ne5
27. b4 Nc6 28. Kc2 e5 29. Kb3 e4 30. b5 axb5 31. Nxb5+ Kc5 32. Nc3 Na5+ 33. Kc2
Nc6 34. Na4+ Kd6 35. Nc3 Kc5 36. Na4+ Kd6 37. Nc3 Kc5 1/2-1/2

[Event "41st Festival GM Playoff"]
[Site "Biel SUI"]
[Date "2008.07.31"]
[Round "2"]
[White "Dominguez Perez, L."]
[Black "Alekseev, Evgeny"]
[Result "1/2-1/2"]
[WhiteElo "2708"]
[BlackElo "2708"]
[PlyCount "130"]
[EventDate "2008.07.31"]

1. e4 e5 2. Nf3 Nc6 3. Bb5 Nf6 4. O-O Nxe4 5. d4 Nd6 6. Bxc6 dxc6 7. dxe5 Nf5
8. Qxd8+ Kxd8 9. Nc3 Ke8 10. h3 Be7 11. g4 Nh4 12. Nxh4 Bxh4 13. Kg2 Be7 14.
Bf4 Be6 15. Rfd1 a5 16. Ne2 h5 17. f3 Rd8 18. Nd4 hxg4 19. hxg4 Bc8 20. Ne2
Rxd1 21. Rxd1 c5 22. Nc3 Be6 23. Nd5 Bd8 24. c4 b6 25. a4 Rh7 26. b3 Rh8 27.
Bg3 Rh7 28. Nf4 Bc8 29. Nd5 Be6 30. Bf4 Rh8 31. Rd2 Rh7 32. Nc3 Rh8 33. Ne4 f5
34. exf6 gxf6 35. Ng3 Rh7 36. Be3 Rd7 37. Rxd7 Bxd7 38. Kf2 Kf7 39. Ke2 Kg6 40.
Kd3 Bc6 41. Nf5 Bd7 42. Ke4 Bc6+ 43. Kd3 Bd7 44. Nh4+ Kf7 45. Bf2 Bc8 46. Bg3
Bd7 47. Ke4 Bc6+ 48. Ke3 Bd7 49. Nf5 Bxf5 50. gxf5 Ke7 51. Kf4 Kf7 52. Kg4 Kg7
53. Kh5 Kh7 54. Bf4 Kg7 55. Kg4 Kf7 56. Bg3 Kg7 57. Kf4 Kf7 58. Ke4 Ke8 59. Bh2
Ke7 60. Bg3 Ke8 61. Kf4 Kf7 62. Kg4 Kg7 63. Kh5 Kh7 64. Bh2 Kg7 65. Bf4 Kh7
1/2-1/2

[Event "41st Festival GM Playoff"]
[Site "Biel SUI"]
[Date "2008.07.31"]
[Round "3"]
[White "Alekseev, Evgeny"]
[Black "Dominguez Perez, L."]
[Result "1/2-1/2"]
[WhiteElo "2708"]
[BlackElo "2708"]
[PlyCount "93"]
[EventDate "2008.07.31"]

1. e4 c5 2. Nf3 d6 3. d4 cxd4 4. Nxd4 Nf6 5. Nc3 a6 6. Be2 e5 7. Nb3 Be7 8. O-O
O-O 9. Bf3 b5 10. a4 b4 11. Nd5 Nxd5 12. Qxd5 Ra7 13. Be3 Be6 14. Qd3 Rd7 15.
Rfd1 Qc7 16. Nd2 Rfd8 17. a5 Rc8 18. Rdc1 Qb7 19. c3 d5 20. exd5 Bxd5 21. Bxd5
Rxd5 22. Qe4 bxc3 23. bxc3 Qc6 24. Rab1 Nd7 25. c4 Nf6 26. Qf5 Rxa5 27. Nb3 Ra4
28. c5 Nd5 29. Bd2 g6 30. Qxe5 Bf6 31. Qd6 Be7 32. Qg3 Bd8 33. Qd6 Be7 34. Qg3
Bd8 35. Qf3 Bc7 36. g3 Ne7 37. Bh6 Rb4 38. Nd2 Rxb1 39. Rxb1 f5 40. Nc4 Rb8 41.
Rd1 Rd8 42. Rb1 Rb8 43. Re1 Kf7 44. Nd6+ Bxd6 45. cxd6 Rd8 46. Bf4 Rd7 47. h4
1/2-1/2

[Event "41st Festival GM Playoff"]
[Site "Biel SUI"]
[Date "2008.07.31"]
[Round "4"]
[White "Dominguez Perez, L."]
[Black "Alekseev, Evgeny"]
[Result "0-1"]
[WhiteElo "2708"]
[BlackElo "2708"]
[PlyCount "88"]
[EventDate "2008.07.31"]

1. e4 e5 2. Nf3 Nc6 3. Bb5 Nf6 4. d3 Bc5 5. c3 O-O 6. O-O d6 7. Re1 Bb6 8. h3
Ne7 9. Nbd2 c6 10. Ba4 Ng6 11. Nf1 h6 12. Ng3 Re8 13. d4 Qc7 14. Bc2 Be6 15.
Be3 Rad8 16. Qc1 Kh7 17. Bd3 c5 18. Nf5 Bxf5 19. exf5 Nf8 20. Bb5 Re7 21. dxe5
dxe5 22. Qc2 e4 23. Nd2 Qe5 24. f3 Qxf5 25. fxe4 Qg6 26. Bf2 Ne6 27. Nf3 Nf4
28. Nh4 Nxh3+ 29. Kf1 Qg4 30. e5+ g6 31. exf6 Rxe1+ 32. Bxe1 c4 33. Qe2 Qf4+
34. Nf3 Rd3 35. Bd2 Be3 36. Bxc4 Rxd2 37. gxh3 Rxe2 38. Kxe2 Qxc4+ 39. Kxe3
Qe6+ 40. Kf2 Qxf6 41. Re1 Qb6+ 42. Kg3 Qxb2 43. Re7 Kg7 44. Re3 Qxa2 0-1